00789nas a2200229Ia 4500001001100000003000900011008004100020040001300061040001300074041001300087100004200100210000900142222000900151245010000160250001100260260002200271501008600293300001600379362003300395500008800428650004300516R115/44788IT-RoPAU151124c99999999xx |||||||||||| ||und|| aIT-RoPAU cIT-RoPAU aITALIANO aCola AdeliogCodice Aut. SPICS: 22201 aEDAV aEdav aEDAV, ANNO 09-N.085 (MARZO 1981)bLettura Strutturale Del Film Nella Scuola Media Inferiore (3) a1a ed. aROMAbCISCSc1981 bPaulus - SPICS - Società San Paolo EM (non-commercial uses only)cCopyright2015 a5 p. [8-12] aANNO 009, N.085 (MARZO 1981) aLettura dei Film: il Ragazzo Selvaggio di Francois Truffaut, Hombre di Martin Ritt. aCOMUNICAZIONEvPUBBLICAZIONE PERIODICA